000 00419nam a2200157Ia 4500
008 160319s9999 xx 000 0 und d
245 _aBarney's rhyme time rhythm /
245 _c Barney Home Video.
260 _bViva Video Inc.
300 _a1 video disc :
300 _bsound, colored ;
300 _c4 3/4 in.
650 _aBarney (Fictitious character) --
650 _aSongs.
650 _xJuvenile drama.
999 _c292736
_d292736